| 000 -LEADER |
| fixed length control field |
00407nam a22000977a 4500 |
| 008 - FIXED-LENGTH DATA ELEMENTS--GENERAL INFORMATION |
| fixed length control field |
161128b xxu||||| |||| 00| 0 eng d |
| 100 ## - MAIN ENTRY--AUTHOR'S NAME |
| Author's Name |
Wood, Kenneth |
| 245 ## - TITLE STATEMENT |
| Title |
Post dates 1987 : a chronology of the mails and philately |
| 260 ## - PUBLICATION, DISTRIBUTION, ETC. (IMPRINT) |
| Place of publication, distribution, etc. |
Albany, OR |
| Name of publisher, distributor, etc. |
Van Dahl Publications |
| Date of publication, distribution, etc. |
1988 |
| 650 ## - TOPICAL TERM (Tag) |
| Topical term or geographic name |
Postal History | Postal Markings | Collecting | Chronology Almanacs, Annuals, and Yearbooks | 1987 | CAPEX '87 | Exhibitions |